00378nam a2200145Ia 4500008004100000041000800041082001400049100001600063245003900079250001200118260005600130300000800186650002200194700001600216230711s9999||||xx |||||||||||||| ||und|| aENG a624bVE-C aVenkatesh,N 0aDesign data book on concrete slabs a1st Ed. c1994aNew DelhibTata McGraw Hill Education Limited a180 aCivil Engineering aSancheete,H